Central Library || Chittagong University

Strate - gic Survey 1980 -81./ (Record no. 111236)

MARC details
000 -LEADER
fixed length control field 00509nam a22001697a 4500
003 - CONTROL NUMBER IDENTIFIER
control field BD-ChCU
005 - DATE AND TIME OF LATEST TRANSACTION
control field 20260125102329.0
008 - FIXED-LENGTH DATA ELEMENTS--GENERAL INFORMATION
fixed length control field 260125b bg ||||| |||| 00| 0 ben d
040 ## - CATALOGING SOURCE
Transcribing agency BD-ChCU
082 ## - DEWEY DECIMAL CLASSIFICATION NUMBER
Classification number 355.43 STR
100 ## - MAIN ENTRY--PERSONAL NAME
Personal name Strate-gic Survey
9 (RLIN) 19604
245 ## - TITLE STATEMENT
Title Strate - gic Survey 1980 -81./
Statement of responsibility, etc. Survey Strategic .
260 ## - PUBLICATION, DISTRIBUTION, ETC.
Place of publication, distribution, etc. London :
Name of publisher, distributor, etc. International Institute for strategic studies ,
Date of publication, distribution, etc. C 1981
300 ## - PHYSICAL DESCRIPTION
Extent 138p
650 #0 - SUBJECT ADDED ENTRY--TOPICAL TERM
Topical term or geographic name entry element Strategic . International Relations.
9 (RLIN) 19607
942 ## - ADDED ENTRY ELEMENTS (KOHA)
Source of classification or shelving scheme Dewey Decimal Classification
Koha item type Books
Suppress in OPAC No
Holdings
Withdrawn status Lost status Source of classification or shelving scheme Damaged status Not for loan Home library Current library Shelving location Date acquired Source of acquisition Total Checkouts Full call number Barcode Date last seen Copy number Price effective from Koha item type
    Dewey Decimal Classification     Chittagong University Library Chittagong University Library Business and Social Science Reading Room 01/25/2026 Purchase   355.43 STR 144582 01/25/2026 C-1 01/25/2026 Books
© Copyright 2026. Chittagong University Library, Installation and Maintenance by Prof. Dr. Md. Alamgir, 01711306253